00923nam a22002297a 4500003000900000005001700009007000300026008004100029020001800070040002500088082001600113100003400129245023000163260004000393300003400433500007800467504003000545700003400575700003100609700002700640700002600667DO-SdBNP20221104114250.0ta110301s2018 dr bd 000 0 spa d a9789945919608 aDO-SdBNPbspacBNPHU 4axxxxbC352c aCastillo Espino, Rosa,d1985-10aCartografía & diagnóstico :bgalerías de arte del Distrito Nacional 2018 /cRosa Castillo Espino ; textos María Elena Ditrén, Abil Peralta Aguero ; diseño de mapas Wagner Castillo ; estadísticas Elvio Guerrero  a[Santo Domingo] :b[s.d.],c[2018]. a153 p. :bmap., graf.c23 cm. aIncluye datos biográficos del autor en la solapa de la contraportada.  aBibliografía p: 142-15012aDitrén, María Elenaetex.12aPeralta Aguero, Abiletex.12aCastillo, Wagneredis.12aGuerrero, Elvioeest.